Ahmedabad Chronicle : Imprints Of A Millennium (Record no. 14803)

MARC details
000 -LEADER
fixed length control field 00442nam a2200157Ia 4500
008 - FIXED-LENGTH DATA ELEMENTS--GENERAL INFORMATION
fixed length control field 220803s9999 xx 000 0 und d
041 ## - LANGUAGE CODE
Language code of text/sound track or separate title eng
082 ## - DEWEY DECIMAL CLASSIFICATION NUMBER
Classification number 722 PAN/RAW
100 ## - MAIN ENTRY--PERSONAL NAME
Personal name Pandya Y Ed.
9 (RLIN) 22997
245 ## - TITLE STATEMENT
Title Ahmedabad Chronicle : Imprints Of A Millennium
260 ## - PUBLICATION, DISTRIBUTION, ETC. (IMPRINT)
Place of publication, distribution, etc. Ahmedabad
Name of publisher, distributor, etc. Vastu Shilpa Foundation
Date of publication, distribution, etc. 2011
300 ## - PHYSICAL DESCRIPTION
Extent 184p
500 ## - GENERAL NOTE
Keywords Architecture
650 ## - SUBJECT ADDED ENTRY--TOPICAL TERM
Topical term or geographic name as entry element Architectural History
9 (RLIN) 22998
700 ## - ADDED ENTRY--PERSONAL NAME
Personal name Rawal T Ed.
9 (RLIN) 22999
Holdings
Withdrawn status Lost status Damaged status Not for loan Collection code Home library Current library Shelving location Date acquired Vendor Cost, normal purchase price Total Checkouts Full call number Barcode Date last seen Cost, replacement price Bill Date Koha item type Original Barcode
        Book of B Arch Dr. Bhanuben Nanavati College of Architecture Dr. Bhanuben Nanavati College of Architecture   19/06/2012 Word Book Shop. 450.00   711.7 PAN/RAW BNCA-BK-7794 03/08/2022 600.00 22/06/2012 Books B007794